| 000 -CABECERA |
| Longitud fija campo de control |
00765nam a2200229 a 4500 |
| 003 - IDENTIFICADOR DEL NÚMERO DE CONTROL |
| Identificador del número de control |
OSt |
| 005 - FECHA Y HORA DE LA ÚLTIMA TRANSACCIÓN |
| Fecha y hora de la última transacción |
20140310144124.0 |
| 008 - CÓDIGOS DE INFORMACIÓN DE LONGITUD FIJA |
| Códigos de información de longitud fija |
140305s2014 spcd||| |||| 000 0 spa d |
| 020 ## - NÚMERO INTERNACIONAL NORMALIZADO PARA LIBROS |
| Número Internacional Normalizado para Libros (ISBN) |
9788490640708 |
| 040 ## - FUENTE DE LA CATALOGACIÓN |
| Lengua de catalogación |
cat |
| Centro transcriptor |
CDMR |
| 100 1# - PUNTO DE ACCESO PRINCIPAL-NOMBRE DE PERSONA |
| Nombre de persona |
Yuste, Bárbara |
| 245 10 - MENCIÓN DE TÍTULO |
| Título |
Emprender en periodismo |
| Resto del título |
: nuevas oportunidades para el profesional de la información |
| Mención de responsabilidad, etc. |
Bárbara Yuste, Marga Cabrera |
| 260 ## - PUBLICACIÓN, DISTRIBUCIÓN, ETC. (PIE DE IMPRENTA) |
| Lugar de publicación, distribución, etc. |
Barcelona |
| Nombre del editor, distribuidor, etc. |
Editorial UOC |
| Fecha de publicación, distribución, etc. |
2014 |
| 300 ## - DESCRIPCIÓN FÍSICA |
| Extensión |
170 p. |
| Otras características físicas |
gràf. |
| Dimensiones |
21 cm |
| 490 1# - MENCIÓN DE SERIE |
| Mención de serie |
[Manuales] ; |
| Designación de volumen o secuencia |
296. |
| Mención de serie |
Comunicación |
| 504 ## - NOTA DE BIBLIOGRAFÍA, ETC |
| Nota de bibliografía, etc. |
Bibliografia |
| 650 04 - PUNTO DE ACCESO ADICIONAL DE MATERIA - TÉRMINO DE MATERIA |
| Término de materia o nombre geográfico como elemento inicial |
Periodisme |
| Subdivisión de materia general |
Orientació professional |
| 9 (RLIN) |
2030 |
| 650 04 - PUNTO DE ACCESO ADICIONAL DE MATERIA - TÉRMINO DE MATERIA |
| Término de materia o nombre geográfico como elemento inicial |
Periodisme |
| Subdivisión de materia general |
Innovacions tecnològiques |
| 9 (RLIN) |
2272 |
| 650 04 - PUNTO DE ACCESO ADICIONAL DE MATERIA - TÉRMINO DE MATERIA |
| Término de materia o nombre geográfico como elemento inicial |
Emprenedoria |
| 9 (RLIN) |
3077 |
| 700 1# - PUNTO DE ACCESO ADICIONAL - NOMBRE DE PERSONA |
| Nombre de persona |
Cabrera Méndez, Margarita |
| 9 (RLIN) |
3059 |
| 942 ## - ENTRADA DE ELEMENTOS AGREGADOS (KOHA) |
| Koha [por defecto] tipo de item |
Monografies |